Повести; Наймичка; Варнак; Княгиня; Музыкант; Капитанша; Близнецы; Художник; Прогулка с уловольствием и не без морали
| Main Author: | |
|---|---|
| Other Authors: | , |
| Summary: | На русск. языке |
| Language: | Russian |
| Published: |
Киев, Художественная литература, 1964
|
| TOC: | Наймичка; Варнак; Княгиня; Музыкант; Капитанша; Близнецы; Художник; Прогулка с уловольствием и не без морали; |
| Subjects: | |
| Format: | Book |
| KOHA link: | https://koha.lib.tpu.ru/cgi-bin/koha/opac-detail.pl?biblionumber=153180 |
MARC
| LEADER | 00000nam0a2200000 4500 | ||
|---|---|---|---|
| 001 | 153180 | ||
| 005 | 20231101221656.0 | ||
| 035 | |a (RuTPU)RU\TPU\book\166186 | ||
| 035 | |a RU\TPU\book\165652 | ||
| 090 | |a 153180 | ||
| 100 | |a 20090210d1964 m y0rusy5003 ca | ||
| 101 | 1 | |a rus |c ukr | |
| 102 | |a UA | ||
| 105 | |a a z 001ay | ||
| 200 | 1 | |a Повести |f Т. Г. Шевченко |g худож. Д. Д. Грибов ; Б. С. Бродський | |
| 210 | |a Киев |c Художественная литература |d 1964 | ||
| 215 | |a 711 с. |c ил. | ||
| 300 | |a На русск. языке | ||
| 320 | |a Библиогр. в примеч.: с. 681-708 | ||
| 464 | |t Наймичка | ||
| 464 | |t Варнак | ||
| 464 | |t Княгиня | ||
| 464 | |t Музыкант | ||
| 464 | |t Капитанша | ||
| 464 | |t Близнецы | ||
| 464 | |t Художник | ||
| 464 | |t Прогулка с уловольствием и не без морали |o повести | ||
| 606 | 1 | |a Украинская литература |2 stltpush |3 (RuTPU)RU\TPU\subj\62974 |9 80028 | |
| 610 | 1 | |a художественная литература | |
| 610 | 1 | |a повести | |
| 675 | |a 883 |v 3 | ||
| 700 | 1 | |a Шевченко |b Т. Г. |c украинский поэт |c художник |f 1814-1861 |g Тарас Григорьевич |2 stltpush |3 (RuTPU)RU\TPU\pers\1608 |9 691 | |
| 702 | 1 | |a Грибов |b Д. Д. |4 440 | |
| 702 | 1 | |a Бродський |b Б. С. |4 440 | |
| 801 | 0 | |a RU |b RuMRKP |c 19950417 |g psbo | |
| 801 | 1 | |a RU |b 63413507 |c 20090205 |g PSBO | |
| 801 | 2 | |a RU |b 63413507 |c 20200525 |g PSBO | |
| 942 | |c BK | ||